000 00639cam a22002171 4500
001 sa 67007337
003 DLC
005 20260227112415.0
008 761208s1964 xx ab b 000 0 eng
010 _asa 67007337
035 _a(OCoLC)2605324
040 _aDLC
_cOAkU
_dDLC
042 _apremarc
050 0 0 _aHC437.G6
_bN3
110 2 _aNational Council of Applied Economic Research.
245 1 0 _aTecho-economic survey of Goa, Daman and Diu.
260 _aNew Delhi
_c[1964]
300 _axii, 275 p.
_billus., maps.
_c25 cm.
504 _aBibliographical footnotes.
651 0 _aGoa, Daman and Diu (India)
_xEconomic conditions.
999 _c76513
_d76513